New orientation of human resources policies in science and technology (S&T): from brain drain to brain circulation and talent recruitment policies /
Zapisane w:
| 1. autor: | |
|---|---|
| Format: | Texto |
| Etykiety: |
Dodaj etykietę
Nie ma etykietki, Dołącz pierwszą etykiete!
|
MARC
| LEADER | 00000 a a2200000 04500 | ||
|---|---|---|---|
| 001 | 48622 | ||
| 003 | |||
| 040 | |||
| 100 | |a González-Ramos, Ana María | ||
| 245 | |a New orientation of human resources policies in science and technology (S&T): |b from brain drain to brain circulation and talent recruitment policies / |c Ana María González-Ramos | ||
| 773 | |g volumen20, número82, (2014), páginas 113-135 | ||
| 999 | |c 23250 |d 23250 | ||
